Marx, pensador de la técnica

Guardat en:
Dades bibliogràfiques
Autor principal: Axelos, Kostas (Autor)
Format: Llibre
Idioma:espanyol
Publicat: Barcelona Fontanella 1969
Col·lecció:Ciencias del Hombre, 8
Matèries:
Etiquetes: Afegir etiqueta
Sense etiquetes, Sigues el primer a etiquetar aquest registre!

MARC

LEADER 00000nam a2200000 a 4500
001 UCY8710
003 CL-VaPUC
008 950707e19690000SP |||||||||||||||||spa|d
082 0 4 |a 335.4  |b AXE  |2 21 
100 0 |a Axelos, Kostas  |e author  |9 340364 
245 1 0 |a Marx, pensador de la técnica 
300 |a 324 p 
600 0 |a Marx, Karl Heinrich,  |d 1818-1883  |9 861123 
942 |c BK 
945 |d 19950707 00:00:00  |a rbrito 
260 |a Barcelona  |b Fontanella  |c 1969 
650 7 |a MARXISMO  |2 CL-VaPUC  |9 340365 
650 0 |a Filosofía marxista  |9 337959 
650 0 |a Economía marxista  |9 311435 
650 0 |a Política  |9 255312 
650 0 |a Estado  |9 255503 
583 |a last modification  |c 19950707 00:00:00  |k Rodrigo Vera 
490 0 |a Ciencias del Hombre, 8 
999 |c 235930  |d 235928 
952 |0 0  |1 0  |4 0  |6 335_400000000000000_AXE_1969  |7 0  |8 A  |9 243673  |a BIBHIS  |b BIBHIS  |d 2019-11-18  |i 3099024  |o 335.4 AXE 1969  |p 3099024  |r 2025-01-20  |w 2019-11-18  |y BK  |k HIS 
952 |0 0  |1 0  |4 0  |6 335_400000000000000_AXE_1969  |7 0  |8 A  |9 243674  |a BIBDER  |b BIBDER  |d 2019-11-18  |i 1799460  |o 335.4 AXE 1969  |p 1799460  |r 2023-01-25  |w 2019-11-18  |y BK  |k DER